El problema del conocimiento en Nicolás de Cusa: genealogía y proyección
Kaydedildi:
| Asıl Yazarlar: | , |
|---|---|
| Materyal Türü: | Kitap |
| Dil: | İspanyolca |
| Baskı/Yayın Bilgisi: |
Buenos Aires
Biblos
2005
|
| Edisyon: | 1a. ed |
| Seri Bilgileri: | Colección Presencias Medievales. Serie Estudios
|
| Konular: | |
| Etiketler: |
Etiketle
Etiket eklenmemiş, İlk siz ekleyin!
|
MARC
| LEADER | 00000nam a2200000 a 4500 | ||
|---|---|---|---|
| 001 | UCJ2626 | ||
| 003 | CL-VaPUC | ||
| 008 | 070104e20050000AG |||||||||||||||||spa|d | ||
| 020 | |a 9507865020 | ||
| 082 | 0 | 4 | |a 128 |b MAC |2 21 |
| 100 | |a Machetta, Jorge M. |e autor |9 503597 | ||
| 700 | 0 | |a D'Amico, Claudia |e author |9 503598 | |
| 245 | 1 | 3 | |a El problema del conocimiento en Nicolás de Cusa: genealogía y proyección |
| 250 | |a 1a. ed | ||
| 300 | |a 442 p | ||
| 942 | |c BK | ||
| 945 | |d 20070104 00:00:00 |a jtorresc | ||
| 260 | |a Buenos Aires |b Biblos |c 2005 | ||
| 650 | 0 | |a Antropología cultural y social |9 265143 | |
| 650 | 0 | |a Naturaleza humana |9 308593 | |
| 650 | 0 | |a Filosofía |9 223554 | |
| 650 | 0 | |a Humanismo |9 256530 | |
| 583 | |a last modification |c 20070104 00:00:00 |k Rodrigo Vera | ||
| 490 | 0 | |a Colección Presencias Medievales. Serie Estudios | |
| 999 | |c 318818 |d 318816 | ||
| 952 | |0 0 |1 0 |4 0 |6 128_000000000000000_MAC_2005 |7 0 |8 A |9 396959 |a BIBEDU |b BIBEDU |d 2019-11-22 |i 4297962 |o 128 MAC 2005 |p 4297962 |r 2019-11-22 |w 2019-11-22 |y BK |k FIL | ||